[Event "Mittelrhein-chT 1112"]
[Site "Germany"]
[Date "2011.11.27"]
[Round "5.5"]
[White "Block, Wolfgang"]
[Black "Schulte Lentz, Christian"]
[Result "1-0"]
[WhiteElo "2089"]
[BlackElo "2068"]
[PlyCount "111"]
[EventDate "2011.09.11"]
[EventType "team-tourn"]
[EventRounds "13"]
[EventCountry "GER"]
[SourceTitle "EXT 2013"]
[Source "ChessBase"]
[SourceDate "2012.11.22"]
[SourceVersion "1"]
[SourceVersionDate "2012.11.22"]
[SourceQuality "1"]
[WhiteTeam "Bruehl"]
[BlackTeam "Langenfeld II"]
[WhiteTeamCountry "GER"]
[BlackTeamCountry "GER"]

1. d4 Nf6 2. c4 c5 3. d5 e6 4. Nc3 exd5 5. cxd5 d6 6. g3 g6 7. Bg2 Bg7 8. Nf3 0-0 9. 0-0 a6 10. a4 Nbd7 11. Nd2 Rb8 12. Nc4 Nb6 13. Nxd6 Bg4 14. a5 Nh5 15. Nde4 Nc4 16. h3 Bf5 17. g4 Bxe4 18. Nxe4 Nf6 19. Nxc5 h5 20. g5 Nh7 21. h4 Qc8 22. Nd3 b5 23. axb6 Rxb6 24. e4 f6 25. Ra2 fxg5 26. hxg5 h4 27. Kh2 Qb8+ 28. Kg1 Nxb2 29. Nxb2 Bxb2 30. Bxb2 Rxb2 31. Rxb2 Qxb2 32. Qg4 Qd2 33. f4 a5 34. Qxh4 Rb8 35. Qf2 Qc3 36. e5 Rb2 37. Qf3 Qd4+ 38. Kh1 a4 39. d6 Rd2 40. Qe4 Nf8 41. Qxd4 Rxd4 42. Bh3 Kf7 43. f5 gxf5 44. Rxf5+ Ke8 45. d7+ Nxd7 46. g6 Rd1+ 47. Kh2 Rd2+ 48. Bg2 Nxe5 49. Rxe5+ Kf8 50. Kg3 a3 51. Ra5 a2 52. Ra7 Kg8 53. Be4 Kf8 54. Kf4 Rf2+ 55. Kg5 Rd2 56. Bf5 1-0